| 000 | 00851nam a2200253 4500 | ||
|---|---|---|---|
| 005 | 20250425123812.0 | ||
| 008 | 250425b |||||||| |||| 00| 0 eng d | ||
| 020 | _a978-93-94262-90-4 (hbk) | ||
| 037 | _cTB | ||
| 040 |
_aCRL _cCRL |
||
| 041 |
_2eng _aeng |
||
| 084 |
_aV49G.H R4 _qCRL |
||
| 245 |
_aHistory, economy and religion: _bMainland Southeast Asia c. first century ce-fourteenth century ce |
||
| 260 |
_aNew Delhi, India: _bManohar, _c2024. |
||
| 300 | _a351p. | ||
| 365 |
_b1995.00 _cINR |
||
| 650 |
_aSouth East Asia _9753005 |
||
| 650 | _aReligion | ||
| 650 | _aHistory | ||
| 650 | _aEconomics | ||
| 700 |
_aPrasad, Birendra Nath _eEditor _9753006 |
||
| 942 |
_2CC _cTB _hV49G.H R4 _n0 |
||
| 999 |
_c1309390 _d1309390 |
||